000 01667cam a22004694i 4500
003 PE-LiUPU
005 20250731173505.0
008 150616s1990 nyu rb 000 0 eng d
020 _a0029113113
035 _a(Sirsi) i9780029113110
040 _aPE-LiUPU
_bspa
_cPE-LiUPU
_erda
049 _aPRUA
082 0 4 _a254
_bG25
_221
100 1 _aGardner, John W.,
_eautor.
245 1 0 _aOn Leadership /
_cJohn W. Gardner.
264 1 _aNew York :
_bThe Free Press,
_c1990.
300 _a220 páginas ;
_c24 centímetros
336 _atext
_2rdacontent
337 _aunmediated
_2rdamedia
338 _avolume
_2rdacarrier
504 _aIncluye bibliografía.
505 0 _aThe nature of leadership -The tasks of leadership -Contexts -- Attributes -- Power -- The moral dimension -- The knitting together -- Community -- Renewing -- Shering leadership tasks -- Motivating.
526 _aSEG42
526 _aSEG41
526 _aSEG40
526 _aSEG39
526 _aP94
526 _aP87
526 _aP86
526 _aP85
526 _aP77
526 _aP76
526 _aP35
650 0 4 _aLiderazgo - Desarrollo.
910 _ajck
_bjvq
_cjck
942 _2ddc
_cBOOK
949 _a254 G25
_wDEWEY
_c1
_i40437
_d2016-10-19
_e2016-10-10
_lCCODEBUL1
_mBUL
_n1
_r0
_sY
_tBOOK
_u2015-6-16
_xTEOLOGIA
_zUNKNOWN
_0COMPRA
_o.STAFF. Colección General
994 _aC0
_bPEPRU
596 _a1
999 _a254 G25
_wDEWEY
_c58231
_i40437
_d58231
_e2016-10-10
_f2021-11-10
_g5
_lCCODEBUL1
_mBUL
_n1
_p14.98
_r0
_sY
_tBOOK
_u2015-6-16
_xTEOLOGIA
_PP35
_0COMPRA
_o.STAFF. Colección Teología
980 _81
_gALBERTO SANCHEZ Responsable de Automatización